000 00595nam a2200181Ia 4500
008 151202s9999||||xx |||||||||||||| ||und||
082 _bPNVM-49962
100 _aकुंटे जगन्नाथ.
245 _aनर्मदे हर हर.
260 _b"प्राजक्त प्रकाशन,पुणे."
260 _c2013
300 _a256
600 _aकुंटे जगन्नाथ.
630 _aनर्मदे हर हर.
700 _aकुंटे जगन्नाथ.
730 _aनर्मदे हर हर.
942 _cBOOK
999 _c1316467
_d1316464